000
00339nam a2200145Ia 4500
008
150201s2012 xx 000 0 und d
082
_a
610.73
_b
F12T
100
_a
TAYLOR, R. CAROL
245
_a
FUNDAMENTAL OF NURSING
250
_a
7TH
260
_b
WOLTER KLUWER
_a
INDIA
_c
2012
300
_a
1673
650
_a
NURSING
942
_2
ddc
_c
BK
999
_c
2134
_d
2134